Loutky /

Hlavní autor: Hrdlička, František, 1937-
Další autoři: Kočí, Marie, 1955-
Jazyk: Čeština
Vydáno: Praha : Albatros, 1985
Vydání: 1. vyd.
Edice: Omalovánky s textem. Studio
Témata:
Fyzický popis: Nestr. : il.
Knihy
Uloženo v:
LEADER 01082nam a2200313 a 4500
001 000577359
003 CZ BrMZK
005 20170102091025.0
007 ta
008 010825s1985 xr a a cze d
040 |a BOA001  |b cze 
072 7 |a 821-93  |x Literatura pro děti a mládež (beletrie)  |2 Konspekt  |9 26 
080 |a 821-93  |2 MRF 
080 |a (084.053.2)  |2 MRF 
100 1 |a Hrdlička, František,  |d 1937-  |7 jk01042738  |4 aut 
245 1 0 |a Loutky /  |c František Hrdlička ; ilustrovala Marie Kočí 
250 |a 1. vyd. 
260 |a Praha :  |b Albatros,  |c 1985 
300 |a Nestr. :  |b il. 
490 1 |a Omalovánky s textem. Studio 
655 7 |a omalovánky  |7 fd182999  |2 czenas 
655 7 |a publikace pro děti  |7 fd133156  |2 czenas 
655 9 |a colouring books  |2 eczenas 
655 9 |a children's literature  |2 eczenas 
700 1 |a Kočí, Marie,  |d 1955-  |7 mzk2011667148  |4 ill 
830 0 |a Omalovánky s textem.  |p Studio 
910 |a BOA001  |b X-0894.056  |b PK-A-0018.659 
990 |a BK 
996 6 |b 2619169938  |c X-0894.056  |l MZK  |r Sklad / do 24 hodin  |n 0  |w 000577359  |u 000020  |a 1  |e BOA001  |j MZK50  |s P